[Event "Torshavn Rokur op"]
[Site "Torshavn"]
[Date "2023.01.14"]
[Round "4"]
[White "Magnussen, Petur Gardar"]
[Black "Berg, Margar"]
[Result "0-1"]
[WhiteElo "1272"]
[BlackElo "1904"]
[PlyCount "56"]
[EventDate "2023.01.13"]
[EventType "swiss"]
[EventRounds "7"]
[EventCountry "FAI"]
[SourceTitle "EXT 2024"]
[Source "ChessBase"]
[SourceDate "2023.10.10"]
[SourceVersion "1"]
[SourceVersionDate "2023.10.10"]
[SourceQuality "1"]

1. d4 b6 2. c4 e6 3. Nc3 Bb7 4. e4 Bb4 5. Qc2 d5 6. exd5 exd5 7. cxd5 Qe7+ 8. Be3 Nf6 9. a3 Bxc3+ 10. bxc3 Nxd5 11. Qd2 0-0 12. c4 Nf6 13. Nf3 Ne4 14. Qc2 f5 15. Ne5 f4 16. Bd2 c5 17. Be2 cxd4 18. Nf3 Nxd2 19. Kxd2 Nd7 20. Rhe1 Qc5 21. Bd3 Nf6 22. Re5 Qd6 23. Qb3 Kh8 24. c5 Qc7 25. Rae1 Bxf3 26. cxb6 Qc3+ 27. Qxc3 dxc3+ 28. Kxc3 Bxg2 0-1

[Event "FAI-chT 2122"]
[Site "Faroe Islands"]
[Date "2021.11.07"]
[Round "4.3"]
[White "Berg, Margar"]
[Black "Durhuus, Kari"]
[Result "1-0"]
[WhiteElo "1975"]
[BlackElo "1774"]
[PlyCount "51"]
[EventDate "2021.10.03"]
[EventType "team-tourn"]
[EventRounds "10"]
[EventCountry "FAI"]
[SourceTitle "EXT 2023"]
[Source "ChessBase"]
[SourceDate "2022.10.05"]
[SourceVersion "1"]
[SourceVersionDate "2022.10.05"]
[SourceQuality "1"]
[WhiteTeam "Havnin II"]
[BlackTeam "Vestmanna"]
[WhiteTeamCountry "FAI"]
[BlackTeamCountry "FAI"]

1. g3 g6 2. c4 Bg7 3. d4 c5 4. dxc5 Qa5+ 5. Bd2 Qxc5 6. Nc3 Qc6 7. Nf3 Nf6 8. Qb3 d6 9. Bg2 Nbd7 10. 0-0 Qb6 11. Be3 Qxb3 12. axb3 Nc5 13. b4 Na6 14. b5 Nc5 15. b4 Nfd7 16. Nd5 Ne6 17. Rxa7 Rxa7 18. Bxa7 Ne5 19. Nxe5 Bxe5 20. e3 h5 21. c5 dxc5 22. bxc5 h4 23. f4 Bb2 24. Nb6 Kd8 25. Rd1+ Kc7 26. Na8# 1-0

[Event "FAI-chT 1920"]
[Site "Faroe Islands"]
[Date "2020.02.23"]
[Round "8.4"]
[White "Holgarsson, Roi"]
[Black "Berg, Margar"]
[Result "1-0"]
[WhiteElo "1454"]
[BlackElo "1859"]
[PlyCount "131"]
[EventDate "2019.10.13"]
[EventType "team-tourn"]
[EventRounds "10"]
[EventCountry "FAI"]
[SourceTitle "CBM 195 Extra"]
[Source "ChessBase"]
[SourceDate "2020.05.31"]
[SourceVersion "1"]
[SourceVersionDate "2020.05.31"]
[SourceQuality "1"]
[WhiteTeam "Vestmanna"]
[BlackTeam "Havnin II"]
[WhiteTeamCountry "FAI"]
[BlackTeamCountry "FAI"]

1. d4 g6 2. Bf4 d6 3. Nc3 Bg7 4. Nf3 Nf6 5. e4 0-0 6. Qd2 Nbd7 7. 0-0-0 c5 8. Bh6 a6 9. Bxg7 Kxg7 10. e5 Ne8 11. h4 cxd4 12. Qxd4 Qb6 13. e6+ Qxd4 14. Nxd4 Ne5 15. exf7 Rxf7 16. f3 Nc7 17. h5 Bd7 18. Bd3 Nxd3+ 19. Rxd3 Rd8 20. Ne4 Bf5 21. Nxf5+ Rxf5 22. hxg6 hxg6 23. Re1 Kf8 24. Rh1 Rh5 25. Rxh5 gxh5 26. Ng3 h4 27. Nf5 Kf7 28. Nxh4 Kf6 29. g4 Ne6 30. Nf5 Rh8 31. Kd2 Nf4 32. Rb3 b5 33. Ke3 Nd5+ 34. Ke4 Nb6 35. Rc3 Nc4 36. b3 Ne5 37. Rc7 d5+ 38. Ke3 Rh3 39. Nd4 Nxg4+ 40. Kf4 Ne5 41. Ra7 Ng6+ 42. Ke3 e5 43. Rxa6+ Kg5 44. Nxb5 Nh4 45. Rd6 d4+ 46. Nxd4 exd4+ 47. Ke4 Nxf3 48. a4 Ne1 49. Rc6 Rh4+ 50. Kd5 Kf5 51. a5 Rh8 52. Kxd4 Rd8+ 53. Kc3 Ke5 54. b4 Kd5 55. b5 Rb8 56. Kb4 Nf3 57. c4+ Ke5 58. Kc5 Nd4 59. Rh6 Ne6+ 60. Rxe6+ Kxe6 61. b6 Rc8+ 62. Kb5 Kd6 63. b7 Rh8 64. Kb6 Kd7 65. a6 Rh6+ 66. Ka7 1-0

[Event "FAI-chT 1920"]
[Site "Faroe Islands"]
[Date "2019.10.13"]
[Round "1.3"]
[White "Berg, Margar"]
[Black "Apol, Luitjen Akselsson"]
[Result "1-0"]
[WhiteElo "1859"]
[BlackElo "2129"]
[PlyCount "41"]
[EventDate "2019.10.13"]
[EventType "team-tourn"]
[EventRounds "10"]
[EventCountry "FAI"]
[SourceTitle "CBM 195 Extra"]
[Source "ChessBase"]
[SourceDate "2020.05.31"]
[SourceVersion "1"]
[SourceVersionDate "2020.05.31"]
[SourceQuality "1"]
[WhiteTeam "Havnin II"]
[BlackTeam "Havnin"]
[WhiteTeamCountry "FAI"]
[BlackTeamCountry "FAI"]

1. d4 Nf6 2. Bg5 Ne4 3. Bf4 c5 4. f3 Qa5+ 5. c3 Nf6 6. Nd2 cxd4 7. Nb3 Qb6 8. Qxd4 Nc6 9. Qxb6 axb6 10. e4 d5 11. Bb5 dxe4 12. fxe4 Nxe4 13. Nf3 Bd7 14. Bc7 Nc5 15. 0-0 Na5 16. Nbd4 e6 17. b4 Bxb5 18. Nxb5 Kd7 19. Rfd1+ Kc6 20. Nfd4+ Kd5 21. Bxb6 1-0

[Event "Helsingor Xtracon op"]
[Site "Helsingor"]
[Date "2019.07.20"]
[Round "1"]
[White "Berg, Margar"]
[Black "Percivaldi, Martin"]
[Result "0-1"]
[WhiteElo "1857"]
[BlackElo "2379"]
[PlyCount "64"]
[EventDate "2019.07.20"]
[EventType "swiss"]
[EventRounds "10"]
[EventCountry "DEN"]
[SourceTitle "CBM 191 Extra"]
[Source "ChessBase"]
[SourceDate "2019.09.30"]
[SourceVersion "1"]
[SourceVersionDate "2019.09.30"]
[SourceQuality "1"]

1. d4 d5 2. c4 dxc4 3. Nc3 a6 4. e4 b5 5. Nf3 Bb7 6. Be2 e6 7. a3 Nf6 8. Qc2 Be7 9. 0-0 Nbd7 10. Bf4 0-0 11. Rad1 Re8 12. Ne5 c6 13. Rd2 Qb6 14. Be3 Qc7 15. f4 c5 16. Nxd7 Qxd7 17. d5 exd5 18. Nxd5 Bxd5 19. exd5 Bd6 20. Rf3 Rxe3 21. Rxe3 Bxf4 22. Rh3 Bxd2 23. Qxd2 Rd8 24. Bf3 Qf5 25. Rg3 Qe5 26. Rg5 Qd4+ 27. Qxd4 cxd4 28. d6 Rxd6 29. h4 g6 30. Re5 Kg7 31. Kf2 Nd7 32. Re2 Nc5 0-1

[Event "FAI-chT 1819"]
[Site "Faroe Islands"]
[Date "2018.11.25"]
[Round "3.3"]
[White "Dragaberg, Rogvi"]
[Black "Berg, Margar"]
[Result "1-0"]
[WhiteElo "1869"]
[BlackElo "1852"]
[PlyCount "93"]
[EventDate "2018.10.28"]
[EventType "team-tourn"]
[EventRounds "10"]
[EventCountry "FAI"]
[SourceTitle "CBM 189 Extra"]
[Source "ChessBase"]
[SourceDate "2019.06.03"]
[SourceVersion "1"]
[SourceVersionDate "2019.06.03"]
[SourceQuality "1"]
[WhiteTeam "Klaksvik II"]
[BlackTeam "Havnin II"]
[WhiteTeamCountry "FAI"]
[BlackTeamCountry "FAI"]

1. e4 c5 2. Nc3 d6 3. Nge2 Nf6 4. g3 g6 5. Bg2 Bg7 6. 0-0 0-0 7. d4 cxd4 8. Nxd4 a6 9. h3 e5 10. Nb3 Be6 11. Bg5 h6 12. Be3 Bc4 13. Re1 Ne8 14. Qd2 Kh7 15. Rad1 Nd7 16. f4 b5 17. a3 f5 18. exf5 Rxf5 19. Bxa8 Qxa8 20. Na5 Be6 21. Qg2 Qd8 22. Nc6 Qf6 23. g4 Rxf4 24. Bxf4 Qxf4 25. Nb4 a5 26. Nbd5 Qc4 27. Qe4 Ndf6 28. Nxf6+ Bxf6 29. Qxc4 bxc4 30. Nd5 Bd8 31. Rd4 Nc7 32. Nxc7 Bxc7 33. Re2 d5 34. c3 h5 35. gxh5 gxh5 36. Rdd2 Bb6+ 37. Kg2 d4 38. cxd4 Bd5+ 39. Kg3 e4 40. Kf4 Bc7+ 41. Ke3 Bd8 42. Rg2 Bf6 43. Rdf2 Bg7 44. Rf5 Bh6+ 45. Ke2 Be6 46. Rxh5 e3 47. Rxh6+ 1-0

[Event "Runavik op"]
[Site "Runavik"]
[Date "2018.11.16"]
[Round "6"]
[White "Berg, Margar"]
[Black "Kjartansson, Gudmundur"]
[Result "0-1"]
[WhiteElo "1852"]
[BlackElo "2423"]
[PlyCount "82"]
[EventDate "2018.11.12"]
[EventType "swiss"]
[EventRounds "9"]
[EventCountry "FAI"]
[SourceTitle "CBM 187 Extra"]
[Source "ChessBase"]
[SourceDate "2018.11.04"]
[SourceVersion "1"]
[SourceVersionDate "2018.11.04"]
[SourceQuality "1"]

1. d4 e6 2. Nf3 Nf6 3. Bg5 h6 4. Bxf6 Qxf6 5. g3 b6 6. Bg2 Bb7 7. 0-0 g6 8. Nbd2 Bg7 9. c3 Qe7 10. Qc2 0-0 11. e4 c5 12. dxc5 Qxc5 13. Rfe1 d6 14. Rad1 Qc7 15. Nb3 Rd8 16. Nfd4 a6 17. f4 e5 18. Ne2 Nd7 19. g4 exf4 20. Nxf4 Ne5 21. h3 Bf6 22. Nd5 Bxd5 23. exd5 Bh4 24. Re2 Re8 25. Rf1 Re7 26. Be4 Rae8 27. Nd4 Qc5 28. Kh1 Nd7 29. b4 Qc4 30. Kg1 Nf6 31. Qd3 Qxd3 32. Bxd3 Nxd5 33. Rxe7 Rxe7 34. Bxa6 Nxc3 35. Nb5 Ne2+ 36. Kg2 d5 37. a4 Re4 38. Nd6 Nf4+ 39. Kf3 Rxb4 40. Bb5 Rb3+ 41. Kxf4 Bg3# 0-1

[Event "Helsingor Xtracon op"]
[Site "Helsingor"]
[Date "2018.07.22"]
[Round "3"]
[White "Kizatbay, Abyl"]
[Black "Berg, Margar"]
[Result "1-0"]
[WhiteElo "2088"]
[BlackElo "1859"]
[PlyCount "43"]
[EventDate "2018.07.21"]
[EventType "swiss"]
[EventRounds "10"]
[EventCountry "DEN"]
[SourceTitle "CBM 185 Extra"]
[Source "ChessBase"]
[SourceDate "2018.07.29"]
[SourceVersion "1"]
[SourceVersionDate "2018.07.29"]
[SourceQuality "1"]

1. e4 c5 2. Nf3 d6 3. Bb5+ Bd7 4. Bxd7+ Nxd7 5. 0-0 Ngf6 6. Qe2 Qc7 7. c3 g6 8. d4 cxd4 9. cxd4 e6 10. Nc3 a6 11. e5 Ng8 12. d5 Nxe5 13. Nxe5 dxe5 14. dxe6 fxe6 15. Bg5 Bg7 16. Rac1 Qb6 17. Na4 Qb5 18. Qg4 Ne7 19. Bxe7 Kxe7 20. Rc7+ Kf6 21. Nc3 h5 22. Ne4# 1-0

[Event "Reykjavik op"]
[Site "Reykjavik"]
[Date "2018.03.07"]
[Round "3"]
[White "Berg, Margar"]
[Black "Pantzar, Milton"]
[Result "0-1"]
[WhiteElo "1811"]
[BlackElo "2263"]
[PlyCount "68"]
[EventDate "2018.03.06"]
[EventType "swiss"]
[EventRounds "9"]
[EventCountry "ISL"]
[SourceTitle "CBM 183 Extra"]
[Source "ChessBase"]
[SourceDate "2018.04.19"]
[SourceVersion "1"]
[SourceVersionDate "2018.04.19"]
[SourceQuality "1"]

1. d4 Nf6 2. Bg5 d5 3. Bxf6 gxf6 4. c4 dxc4 5. e4 f5 6. Nc3 fxe4 7. Bxc4 Bg7 8. Nge2 Nc6 9. Nxe4 Nxd4 10. Nf4 Bf5 11. f3 0-0 12. 0-0 Nc6 13. Qe2 Qd4+ 14. Kh1 Qxb2 15. Qxb2 Bxb2 16. Rab1 Be5 17. Nd5 Bxe4 18. fxe4 e6 19. Ne3 b6 20. Ng4 Bg7 21. Rb3 Ne5 22. Rg3 Kh8 23. Nxe5 Bxe5 24. Rd3 Bd6 25. g3 Kg8 26. Kg2 Rad8 27. Rc3 Be5 28. Rc2 Rd4 29. Kf3 Rfd8 30. Rff2 c6 31. Rfe2 b5 32. Bb3 Rd3+ 33. Kg4 Bc3 34. e5 c5 0-1